The Fire Of Ares (Record no. 572178)

MARC details
000 -LEADER
fixed length control field 00464nam a22001817a 4500
008 - FIXED-LENGTH DATA ELEMENTS--GENERAL INFORMATION
fixed length control field 250612b |||||||| |||| 00| 0 eng d
020 ## - INTERNATIONAL STANDARD BOOK NUMBER
ISBN 9780747593669
Paper back/Hardbound pbk
041 ## - LANGUAGE CODE
Language code of text/sound track or separate title eng
082 ## - DEWEY DECIMAL CLASSIFICATION NUMBER
Classification number 823.92 FOR
100 ## - MAIN ENTRY--AUTHOR NAME
Personal name Ford Michael
245 ## - TITLE STATEMENT
Title The Fire Of Ares
Statement of responsibility, etc / Michael Ford
250 ## - EDITION STATEMENT
Edition statement 1st ed
260 ## - PUBLICATION, DISTRIBUTION, ETC. (IMPRINT)
Place of publication Britain
Name of publisher Bloombury Publishing Plc
Year of publication 2008
300 ## - PHYSICAL DESCRIPTION
Number of Pages 244p. :
Dimensions 22cm
650 ## - SUBJECT ADDED ENTRY--TOPICAL TERM
Topical Term english fiction
942 ## - ADDED ENTRY ELEMENTS (KOHA)
Koha item type English Books
Holdings
Withdrawn status Lost status Damaged status Not for loan Home library Current library Shelving location Date acquired Full call number Accession Number Price effective from Koha item type
        Anna Centenary Library Anna Centenary Library 4TH FLOOR, B WING 12.06.2025 823.92 FOR 392242 12.06.2025 English Books

Find us on the map